Systematicky zpracovávat nové zahraniční trhy.

Hospodárska spolupráca výrobcov a vývozcov ČR so SRN. Možnosti ďalšej spolupráce s ostatnými spolkovými krajinami SRN a odbytové podmienky pre českých vývozcov a výrobcov. Kľúčová úloha marketingu a vytváranie dobrých organizačných predpokladov. Kancelária zahraničného obchodu ČR v Hamburgu pre rozv...

Ausführliche Beschreibung

Gespeichert in:
Bibliographische Detailangaben
1. Verfasser: Šáral, L.
Format: Buchkapitel
Sprache:Tschechisch
Schlagworte:
Tags: Tag hinzufügen
Keine Tags, Fügen Sie das erste Tag hinzu!

MARC

LEADER 00000naa a2200000 4500
001 r013427
005 20221213082737.2
041 0 |a cze 
044 |a CZ 
245 1 0 |a Systematicky zpracovávat nové zahraniční trhy.  |c L. Šáral 
520 |a Hospodárska spolupráca výrobcov a vývozcov ČR so SRN. Možnosti ďalšej spolupráce s ostatnými spolkovými krajinami SRN a odbytové podmienky pre českých vývozcov a výrobcov. Kľúčová úloha marketingu a vytváranie dobrých organizačných predpokladov. Kancelária zahraničného obchodu ČR v Hamburgu pre rozvíjanie konkrétnej spolupráce s ČR. 
610 2 0 |a vývoz 
610 2 0 |a Čechy 
610 2 0 |a Nemecko 
610 2 0 |a obchod zahraničný 
610 2 0 |a marketing 
610 2 0 |a spolupráca podnikov 
100 1 |a Šáral, L.